Tú puedes hacerlo (Registro nro. 14691)
[ vista simple ]
| 000 -LIDER | |
|---|---|
| fixed length control field | 00871nam a2200265 i 4500 |
| 001 - NÚMERO DE CONTROL | |
| Identificador de número de control | bimo0000012983 |
| 003 - IDENTIFICACDOR DE NÚMERO DE CONTROL | |
| control field | |
| 005 - DATE AND TIME OF LATEST TRANSACTION | |
| control field | 20240626110339.0 |
| 008 - ELEMENTOS DE LONGITUD FIJA | |
| fixed length control field | 880322s1986 sp 000 0 spa |
| 020 ## - ISBN | |
| International Standard Book Number | 8476552564 |
| 040 ## - FUENTE DE CATALOGACIÓN | |
| Agencia que crea de manera original el registro | BPMSU |
| Idioma de catalogación | spa |
| Agencia que realiza la transcripción | BPMSU |
| Convenciones de la despripción | rdc |
| 082 #4 - NÚMERO DE CLASIFICACIÓN DECIMAL DE DEWEY | |
| Classification number | 507.2 |
| Item number | T883p 1986 |
| Edition number | 22 |
| 092 ## - LOCALLY ASSIGNED DEWEY DECIMAL CALL NUMBER | |
| Número de clasificación | |
| 245 00 - MENCIÓN DE TITULO | |
| Título | Tú puedes hacerlo |
| Subtítulo | inventar es divertido/ |
| Mención de responsabilidad | experimentos, José Ignacio Flor, José Alba ; textos, Saro de la Iglesia ; dibujos, Francisco Capdevila |
| 260 ## - PUBLICACIÓN, DISTRIBUCIÓN, ETC. (PIE DE IMPRENTA) | |
| Lugar de publicación, distribución, etc | Madrid |
| Nombre del editor, distribuidor, etc. | Plaza Joven, |
| Fecha de publicación, distribución, etc | 1986 |
| 300 ## - DESCRIPCIÓN FÍSICA | |
| Extensión | vs. |
| Otros detalles físicos | il. col. |
| Dimensiones | 26 cm |
| 490 0# - MENCIÓN DE SERIES | |
| Mención de serie | Walt Disney |
| 590 ## - NOTA LOCAL | |
| Texto de la nota local | Inventariado, 2024/VM |
| 650 #4 - ENCABEZAMIENTO DE MATERIA--TEMÁTICO | |
| Término temático o nombre geográfico como elemento de entrada | Juegos científicos |
| Subdivisión de forma | Libros infantiles |
| 650 #4 - ENCABEZAMIENTO DE MATERIA--TEMÁTICO | |
| Término temático o nombre geográfico como elemento de entrada | Preguntas y respuestas infantiles |
| 700 1# - ASIENTO SECUNDARIO -- NOMBRE PERSONAL | |
| Nombre personal | Flor, José Ignacio |
| 710 2# - ASIENTO SECUNDARIO -- NOMBRE CORPORATIVO | |
| Nombre corporativo o de jurisdicción | Walt Disney Productions |
| 910 ## - VALIDACIÓN | |
| Validación | VMateo V. Control de calidad. BPMSU |
| 942 ## - ADDED ENTRY ELEMENTS (KOHA) | |
| Source of classification or shelving scheme | Dewey Decimal Classification |
| Koha item type | Libros |
| Withdrawn status | Lost status | Source of classification or shelving scheme | Damaged status | Not for loan | Collection code | Home library | Current library | Date acquired | Total Checkouts | Full call number | Barcode | Date last seen | Copy number | Price effective from | Koha item type |
|---|---|---|---|---|---|---|---|---|---|---|---|---|---|---|---|
| Dewey Decimal Classification | Colección Infantil General | Biblioteca Pública Metropolitana Salomé Ureña | Biblioteca Pública Metropolitana Salomé Ureña | 06/26/2024 | BPMSU CGI 507.2 T883p 1986 | BPMSU24060114 | 06/26/2024 | v.1 | 06/26/2024 | Libros | |||||
| Dewey Decimal Classification | Colección Infantil General | Biblioteca Pública Metropolitana Salomé Ureña | Biblioteca Pública Metropolitana Salomé Ureña | 06/26/2024 | BPMSU CGI 507.2 T883p 1986 | BPMSU24060115 | 06/26/2024 | v.7 | 06/26/2024 | Libros | |||||
| Dewey Decimal Classification | Colección Infantil General | Biblioteca Pública Metropolitana Salomé Ureña | Biblioteca Pública Metropolitana Salomé Ureña | 06/26/2024 | BPMSU CGI 507.2 T883p 1986 | BPMSU24060116 | 06/26/2024 | v.3 | 06/26/2024 | Libros | |||||
| Dewey Decimal Classification | Colección Infantil General | Biblioteca Pública Metropolitana Salomé Ureña | Biblioteca Pública Metropolitana Salomé Ureña | 06/26/2024 | BPMSU CGI 507.2 T883p 1986 | BPMSU24060117 | 06/26/2024 | v.4 | 06/26/2024 | Libros | |||||
| Dewey Decimal Classification | Colección Infantil General | Biblioteca Pública Metropolitana Salomé Ureña | Biblioteca Pública Metropolitana Salomé Ureña | 06/26/2024 | BPMSU CGI 507.2 T883p 1986 | BPMSU24060118 | 06/26/2024 | v.2 | 06/26/2024 | Libros |